Les 20 plus grandes villes du Maroc - Statistiques

Statistiques générales
  • Ce quiz a été pris 2 017 fois
  • Le résultat moyen est 12 sur 20
Statistiques - réponses
Population Ville % Correct
3 359 818 Casablanca
99%
577 827 Rabat
98%
928 850 Marrakech
95%
971 553 Tanger
95%
1 126 072 Fès
92%
421 844 Agadir
88%
632 079 Meknès
81%
491 931 Oujda
81%
380 787 Tetouan
72%
459 918 Kénitra
62%
982 403 Salé
62%
208 612 Mohammédia
51%
308 508 Safi
47%
194 934 El Jadida
39%
192 676 Béni Mellal
35%
196 196 Khouribga
31%
281 000 Taza
30%
328 871 Témara
28%
231 000 Khémisset
11%
226 000 Taourirt
3%
Aucun quiz correspondant
Distribution des résultats
% des personnes avec chaque résultat
Percentile par nombre de réponses
Votre historique - résultats
Vous n’avez pas pris ce quiz